000 00518nmm a2200169Ia 4500
008 251105s9999||||xx |||||||||||||||||und||
020 _a9788417968045
041 _aspa
100 _aCaballero, José Luis
245 0 _aLos peces solo flotan muertos
264 _a[Madrid, España] :
_bRoca Editorial,
_c[Fecha de publicación no identificada]
300 _a0 páginas
490 _aThriller y suspense
650 _aThriller & Suspense
856 _uhttps://public.digitaliapublishing.com/a/82300
942 _cCF
999 _c79347
_d79347